000 00682nam a2200277Ia 4500
005 20260324134154.0
008 008 260324s9999 xx 000 0 eng d
020 _a9780429132193
037 _aEBOOK
040 _aCRL
040 _beng
040 _cCRL
041 _2eng
041 _aeng
084 _qCRL
100 _aJohn S. Novak; Vijay K. Juneja; Gerald M. Sapers
_91195843
245 0 _aMicrobial Safety of Minimally Processed Foods
260 _bTaylor and Francis
260 _c2002
365 _a
365 _b400
856 _uhttp://www.taylorfrancis.com/books/9780429132193
942 _cEBOOK
999 _c1795618
_d1795618